Szczegóły MARC21

Podstawy teorii ciała stałego /

003 -Nazwa inst., której nr kontr. jest w polu 001 [,]
    • @
    • Nazwa instytucji, której n kontrolny jest w polu 001
    • NUKAT
005 -DATA I CZAS OSTATNIEJ MODYFIKACJI [,]
    • @
    • pole kontrolne
    • 20241231105619.0
040 -Instytucja sporządzająca opis [ , ]
    • a
    • Instytucja, która sporządziła opis (NP)
    • WA U/81ANA
    • c
    • Instytucja, która sporządziła rekord (NP)
    • WA U/ANA
    • d
    • Instytucja, która zmodyfikowała rekord (P)
    • WA U/EJ
    • d
    • Instytucja, która zmodyfikowała rekord (P)
    • WA U/81HRs
    • d
    • Instytucja, która zmodyfikowała rekord (P)
    • KR U/36AK
    • d
    • Instytucja, która zmodyfikowała rekord (P)
    • GL 001/ML
041 -Język dokumentu [1, ]
    • a
    • Język tekstu (P)
    • polski
    • h
    • Język tekstu oryginalnego i/lub pośredniego (P)
    • angielski
942 -Rodzaj dokumentu [ , ]
    • c
    • Rodzaj dokumentu
    • Książka
100 -Hasło główne - nazwa osobowa [1, ]
    • a
    • Nazwa osobowa (NP)
    • Wannier, Gregory H.
    • 9
    • KHW
    • 256645
240 -Tytuł ujednolicony [1,0]
    • a
    • Tytuł ujednolicony
    • Elements of solid state theory
    • l
    • Język tekstu
    • (pol.)
    • 9
    • KHW
    • 685773
245 -Strefa tytułu i oznaczenia odpowiedzialności [1,0]
    • a
    • Tytuł
    • Podstawy teorii ciała stałego / Find
    • c
    • Pozostałe elementy strefy tytułu i oznaczenia odpowiedzialności (NP)
    • G. H. Wannier ; [tł. z jęz. ang. Janusz Morkowski].
260 -Strefa adresu wydawniczego [ , ]
    • a
    • Miejsce wydania (P)
    • Warszawa :
    • b
    • Nazwa wydawcy (P)
    • Państwowe Wydawnictwo Naukowe,
    • c
    • Data wydania (P)
    • 1962.
300 -Strefa opisu fizycznego [ , ]
    • a
    • Określenie formy książki i/lub objętość (NP)
    • 353 s. :
    • b
    • Oznaczenie ilustracji (NP)
    • il., err. ;
    • c
    • Format (NP)
    • 20 cm.
336 -Typ zawartości [ , ]
    • a
    • Termin opisujący typ zawartości
    • Tekst
    • b
    • Kod określający zawartość
    • txt
    • 2
    • Źródło (terminu i kodu)
    • rdacontent
337 -Typ mediów [ , ]
    • a
    • Tryb odtwarzania
    • Bez urządzenia pośredniczącego
    • b
    • Kod typu mediów
    • n
    • 2
    • Źródło (terminu i kodu)
    • rdamedia
338 -Typ/rodzaj nośnika [ , ]
    • a
    • Hasło opisujące typ nośnika
    • Wolumin
    • b
    • Kod typu nośnika
    • nc
    • 2
    • Źródło (terminu i kodu)
    • rdacarrier
504 -Uwaga dot. bibliogr. załącznikowej [ , ]
    • a
    • Uwaga dot. bibliografii załącznikowej
    • Bibliogr. przy rozdz. Indeks.
080 -Uniwersalna Klasyfikacja Dziesiętna [ , ]
    • a
    • Symbol klasyfikacji
    • 538.9
    • 9
    • UKD
    • 4157
    • 2
    • Identyfikator wydania tablic
    • UDC-P058
    • b
    • Dopowiedzenie
    • Fizyka materii skupionej (stan ciekły i stan stały). Fizyka ciała stałego. Nadpłynność. Fizyka powierzchni zewnętrznych oraz powierzchni międzyfazowych.
650 -Hasło przedmiotowe [ ,7]
    • a
    • Hasło przedmiotowe
    • Fizyka ciała stałego
    • v
    • Określnik formalny
    • podręczniki akademickie.
    • 2
    • Źródło terminu
    • kaba
    • 9
    • KHW
    • 359973
980 -Symbol UKD [ , ]
    • a
    • UKD
    • 538.9
700 -Hasło dodatkowe - nazwa osobowa [1, ]
    • a
    • Nazwa osobowa (NP)
    • Morkowski, Janusz Andrzej Find
    • d
    • Daty biograficzne (NP)
    • (1932-2022).
    • e
    • Określenie rodzaju współpracy
    • Tł.
    • 9
    • KHW
    • 685771
710 -Hasło dodatkowe - nazwa ciała zbiorowego [2, ]
    • a
    • Nazwa ciała zbiorowego lub nazwa geograficzna jako pierwszy element (NP)
    • Państwowe Wydawnictwo Naukowe (1951-1992).
    • 4
    • Kod relacji
    • pbl
    • 9
    • KHW
    • 52048
Data inwentaryzacji Lokalizacja Status udost. Numer inwentarzowy
2006-02-06BG1N.18734